Amnesia for arithmetic facts : a single case study (Record no. 62322)

MARC details
000 -CABECERA
campo de control de longitud fija 00573nam a2200229 a 4500
005 - FECHA Y HORA DE LA ÚLTIMA TRANSACCIÓN
campo de control 20210219152848.0
008 - ELEMENTOS DE LONGITUD FIJA--INFORMACIÓN GENERAL
campo de control de longitud fija 991125n 000 0 eng u
035 ## - NÚMERO DE CONTROL DEL SISTEMA
Número de control de sistema UPN01000063879
100 1# - ASIENTO PRINCIPAL--NOMBRE PERSONAL
Nombre de persona Cohen, Laurent
222 #0 - TÍTULO CLAVE
Título clave BRAIN AND LANGUAGE
245 00 - MENCIÓN DE TÍTULO
Título Amnesia for arithmetic facts : a single case study
260 ## - PUBLICACIÓN, DISTRIBUCIÓN, ETC.
Lugar de publicación, distribución, etc. EUA
300 ## - DESCRIPCIÓN FÍSICA
Extensión 214-232
362 0# - FECHAS DE PUBLICACIÓN Y/O DESIGNACIÓN SECUENCIAL
Fecha de publicación y/o designación secuencial 1994 Vol. 47, no. 2, aug.
653 0# - TERMINO DE INDIZACION - NO CONTROLADO
Término no controlado AMNESIA
653 0# - TERMINO DE INDIZACION - NO CONTROLADO
Término no controlado ARITMETICA
653 0# - TERMINO DE INDIZACION - NO CONTROLADO
Término no controlado MEMORIA
700 1# - ASIENTO SECUNDARIO--NOMBRE DE PERSONAL
Nombre de persona Dehaene, Stanislas,
700 1# - ASIENTO SECUNDARIO--NOMBRE DE PERSONAL
Término indicativo de función/relación coaut.
904 ## - ELEMENTOS DE DATOS D LOCAL, LDD (RLIN)
a AC
b 001690
905 ## - TIPO DE MATERIAL
Tipo de material Articulo

No items available.